Регионална библиотека "Любен Каравелов" - Русе

Слепия срещу маниака (Запис номер 72148)

MARC детайли
000 -Лидер
Контролно поле с фиксирана дължина 01470nam a2200337 c 4500
003 - Код на организацията, давaща контролен номер
Контролно поле BLK
005 - Дата и час на последна редакция
Контролно поле 20250730102640.0
008 - Елементи от данни с фиксирана дължина
fixed length control field 180408b bul|||||r ||||||| ||bul||
010 ## - Наследен системен номер
LC control number KNG00076522000
020 ## - Международен стандартен номер на книга ISBN
Международен стандартен номер на книга ISBN 978-954-528-737-4
-- издат.: Труд
040 ## - Източник на каталожния запис
Идентификатор на билиотеката - собственик на записа BLK
041 ## - Код за език
Код за езика на текст/звукозапис или на отделно заглавие Български
Код за езика КДБФ Български
080 ## - УДК
Текстов определител УДК Руска литература
УДК код - определител по УДК 821.161.1
УДК определител -312.4
УДК - код + определител 821.161.1-312.4
100 1# - Редна дума - Автор
Автор Воронин, Андрей Николаевич
Авторска отговорност първи автор
R(LIN) 295408
139 ## - Редно поле
Редна дума Воронин, Андрей Николаевич
Авторски знак Вор - В 84
245 10 - Сведения за заглавието
Заглавие Слепия срещу маниака
Подзаглавни данни Роман
Редно поле (дума) Андрей Николаевич Воронин; прев. от рус. Димитрина Гергова.
257 ## - Страна на издаване
Страна на създаване/издаване Русия
260 ## - Област на издателските данни
-- София
Име на издателя, разпространителя и проч. Труд
Година на издаване 2007
Печатница София : Инвестрпрес
300 ## - Физическа характеристика
Страници 288 с.
Размери/Мащаб 21 см
380 ## - Жанр
Жанр Худож. лит.
500 ## - Общи забележки
Забележка Без сведение за ориг. загл. ; Ориг. загл. Слепой против маньяка. - Офс. изд. - Андрей Воронин - колективен лит. псевд.
653 ## - Ключова дума – ненормативна
Ключова дума трилъри
653 ## - Ключова дума – ненормативна
Ключова дума романи
700 1# - Други автори (авторска отговорност)
Лично име Гергова, Димитрина
Автороска отговорност (Описва отношението между автора и произведението) прев. от рус.
9 (RLIN) 370650
852 ## - Местоположение
Форматна сигнатура Цб 234989
856 4# - Електронен адрес и достъп
Електронен формат pdf - файл
Път до файла /url/
856 4# - Електронен адрес и достъп
Електронен формат pdf - файл
Път до файла /url/
942 ## - АРТИКУЛИ
Вид на библиотечния материал Книги
Скрит в OPAC Не
Koha issues (borrowed), all copies 24
944 ## - СЪЗДАВАНЕ И РЕДАКЦИЯ на ЗАПИСА
Създаване/Редакция Създаване
Дата на регистрацията/редакция 26.07.2007
Статус, дата на статуса Цветелина Шанова
Служител, извършил регистрацията/редакцията 30531
944 ## - СЪЗДАВАНЕ И РЕДАКЦИЯ на ЗАПИСА
Създаване/Редакция Редакция
Дата на регистрацията/редакция 17.12.2015
Статус, дата на статуса ф /
Служител, извършил регистрацията/редакцията Людмила_Стоянова
999 ## - СИСТЕМНИ КОНТРОЛНИ НОМЕРА
Koha biblionumber 72148
Koha biblioitemnumber 72148
Наличности
Код за отписване Код за изгубен артикул Източник на класификационната схема Код за повреда Коз за рестрикции Код за отдаване Артикулен № Име на библиотеката - собственик Име на библиотеката, в която се намира в момента Статус (Текущо местоположение) Дата на вписване в системата Местоположение - отдел Цена в лева Инвентарен номер Систематично азбучна сигнатура Баркод Номер на екземпляра Цена в евро Служебна бележка Служебен тип на артикула
  Не е изгубен Universal Decimal Classification Не е повреден без рестрикции заемане за дома 117659 Регионална библиотека "Любен Каравелов" Русе Регионална библиотека "Любен Каравелов" Русе Заемна - подръчен фонд 2007-07-26 Заемна - подръчен фонд 9.99 120000715635 П 882-31/В 84 120000715635 1 5.11 Дост: Pk Вид: Ф N: 143 Дата: 20.07.2007 Дата инв: 09.02.2018 Бележки инв: П2018 Книги
Изтеглен Не е изгубен Universal Decimal Classification Не е повреден без рестрикции заемане за дома 117660 Регионална библиотека "Любен Каравелов" Русе Регионална библиотека "Любен Каравелов" Русе Заемна - подръчен фонд 2007-07-26 Заемна - подръчен фонд 9.99 120000715636 П 882-31/В 84 120000715636 2 5.11 Дост: Pk Вид: Ф N: 143 Дата: 20.07.2007 Дата инв: 09.02.2018 Бележки инв: П2018 Книги
  Не е изгубен   Не е повреден без рестрикции ползва се в читалня 117661 Регионална библиотека "Любен Каравелов" Русе Регионална библиотека "Любен Каравелов" Русе Хранилище 2008-04-17 Хранилище 9.99 120000725609 Цб 234989 120000725609 3 5.11 Дост: Dp Вид: Д N: 11 Дата: 13.02.2008 Книги
  Не е изгубен   Не е повреден без рестрикции заемане за дома 117662 Регионална библиотека "Любен Каравелов" Русе Регионална библиотека "Любен Каравелов" Русе Заемна - подръчен фонд 2015-12-16 Заемна - подръчен фонд 3.50 120000795679 П 882-31/В 84 120000795679 4 1.79 Дост: Pk Вид: Ф N: 23347 Дата: 09.12.2015 Дата инв: 09.02.2018 Бележки инв: П2018 Книги
Vip Innovations Ltd, Rousse, Bulgaria 2025